[Event "Imperia Corallo op 4th"]
[Site "Imperia"]
[Date "2009.11.22"]
[Round "5"]
[White "Salerno, Luciano"]
[Black "Tagliano, Maurizio"]
[Result "1-0"]
[WhiteElo "1682"]
[BlackElo "1739"]
[PlyCount "97"]
[EventDate "2009.11.20"]
[EventType "swiss"]
[EventRounds "5"]
[EventCountry "ITA"]
[SourceTitle "EXT 2024"]
[Source "ChessBase"]
[SourceDate "2023.10.10"]
[SourceVersion "1"]
[SourceVersionDate "2023.10.10"]
[SourceQuality "1"]

1. d4 e6 2. c4 Nf6 3. Nf3 b6 4. g3 Bb7 5. Bg2 Bb4+ 6. Nc3 0-0 7. 0-0 Be7 8. Qc2 d5 9. cxd5 exd5 10. Bg5 h6 11. Bxf6 Bxf6 12. Rac1 Nd7 13. Rfd1 a6 14. e4 dxe4 15. Nxe4 Bxe4 16. Qxe4 c5 17. dxc5 Nxc5 18. Rxd8 Nxe4 19. Rxf8+ Rxf8 20. b4 Nc3 21. Rc2 Rd8 22. Bf1 Rd1 23. Kg2 Ra1 24. Bxa6 Rxa2 25. Rxa2 Nxa2 26. b5 Bc3 27. Bb7 Kf8 28. Kf1 Nc1 29. Ne1 Ke7 30. f4 Bxe1 31. Kxe1 Nb3 32. Kf2 Kd6 33. Ke3 Kc5 34. Ke4 Nd2+ 35. Ke5 Nf1 36. Bd5 Nxh2 37. Bxf7 Nf3+ 38. Kf5 Nd4+ 39. Kg6 Nxb5 40. Kxg7 Nd6 41. Bg6 Kd4 42. Kxh6 Ne4 43. Bxe4 Kxe4 44. Kg5 b5 45. f5 b4 46. f6 b3 47. f7 b2 48. f8Q b1Q 49. Qf5+ 1-0